Quizzes
Events
Quiz Creation
Community
Videos
Private Events
Remove Ads
Sign In
Join for FREE
Feedback
Dark Mode
Quiz Categories
Sports
Geography
Music
Movies
Television
Just For Fun
Miscellaneous
History
Literature
Language
Science
Gaming
Entertainment
Religion
Holiday
For Kids
Quiz Lab
Recent
Popular Today
Quiz Kudos Today
Editor Picks
Curator Picks
Quizzes by...
Day
Popularity
Type
Ratings
Length
Year
Community
Subscriptions
Recent Discussions
Orange Saloon
Badges
Playlists
Quests
Create
Leaderboards
Showdown
Live 5
Trivia Bingo
Activity
Puzzle Library
Sporcle Events
Private Events
Virtual Trivia
Globe League
Become a Host
Pub Owners
SporcleCon
Opinionation
Our Games
Videos
Blog
Mobile Apps
Partnerships
Remove Ads and Go Orange
Feedback
Television
TV Characters
TV Show
Sitcom
Network
Friends
Reality Shows
Cast
South Park
Star Trek
The Simpsons
Doctor Who
Television
TV Characters
TV Show
Sitcom
Network
Friends
Reality Shows
Cast
South Park
Star Trek
The Simpsons
Doctor Who
Random Quiz
Search Sporcle
×
Quiz Lab
Quiz Lab
Television
Week
Type in answers that appear in a list
Type in answers that appear in a list
Classic
Best Score? Go Orange.
Big Brother 12 US (week by week) Stats
Can you name the Big Brother 12 US (week by week)
By
beckajean
18m
61 Questions
360 Plays
360 Plays
360 Plays
Comments
Comments
Give Quiz Kudos
Give Quiz Kudos
-
- Ratings
hide this ad
Forced Order
Answers have to be entered in order
Answers have to be entered in order
Replay
Link that replays current quiz
Next Quiz
Link to next quiz in quiz playlist
You Got
0%
They Got
Avg Score
88%
Avg Friend Score
Upgrade to see
Score Distribution
Jump to the score distribution portion of the page
Score
0/61
Timer
18:00
0
Plays Today
Hint
Answer
% Correct
Who was the 'Saboteur' coming into the game?
Annie
99.2%
Week 1 HOH
Hayden
97.8%
Week 1 Eviction
Annie
95%
Week 1 Nominations (pre veto)
Brendon Rachel
94.7%
Week 1 POV
Brendon
94.4%
Week 1 Nominations (post veto)
Annie Rachel
93.9%
Who took over the 'Saboteur' position?
Ragan
93.8%
Week 2 HOH
Rachel
93.1%
Week 3 HOH
Matt
90.8%
Week 2 Eviction
Monet
90.3%
Week 2 Nominations (pre veto)
Britney Monet
89.7%
Week 2 POV
Britney
89.7%
Week 4 HOH
Rachel
89.7%
Week 4 Eviction
Kristen
89.7%
Week 5 Eviction
Rachel
89.4%
Week 6 HOH
Brendon
89.4%
Week 3 Eviction
Andrew
89.2%
Week 5 HOH
Matt
89.2%
Who used the 'Diamond Power of Veto'
Matt
89.2%
Week 4 Nominations (pre veto)
Hayden Kristen
88.6%
Week 4 Nominations (post veto)
Hayden Kristen
88.6%
Week 5 Nominations (pre veto)
Brendon Rachel
88.6%
Week 2 Nominations (poost veto)
Matt Monet
88.3%
Week 5 Nominations (post veto)
Brendon Rachel
88.3%
Who did they replace themselves with?
Kathy
88.3%
Week 3 Nominations (pre veto)
Andrew Kathy
88.1%
Week 3 Nominations (post veto)
Andrew Kathy
88.1%
Week 4 POV
Britney
88.1%
Week 5 POV
Britney
88.1%
Week 6 Eviction
Kathy
88.1%
Week 3 POV
Brendon
87.8%
Hint
Answer
% Correct
1st Eviction
Matt
87.5%
Week 6 POV
Ragan
87.2%
Week 6 Nominations (post veto)
Lane Matt
87.2%
Week 7 -
DOUBLE EVICTION -
1st HOH
Britney
87.2%
Week 9 Eviction
Britney
87.2%
Week 10 Eviction
Enzo
87%
Season 12 Runner Up
Lane
87%
Season 12 Winner
Hayden
87%
2nd HOH
Hayden
86.9%
2nd Eviction
Brendon
86.9%
Week 8 Eviction
Ragan
86.9%
Week 10 -
Final HOH Part 1
Hayden
86.9%
Week 10 -
FINAL HOH
Hayden
86.7%
Week 10 -
Final HOH Part 2
Lane
86.7%
Week 6 Nominations (pre veto)
Lane Ragan
86.7%
Week 8 HOH
Lane
86.7%
Week 8 Nominations (pre veto)
Enzo Ragan
86.7%
Week 8 POV
Enzo
86.7%
Week 8 Nominations (post veto)
Hayden Ragan
86.7%
Week 9 HOH
Hayden
86.7%
Week 9 Nominations (pre veto)
Britney Lane
86.7%
1st Nominations (pre veto)
Brendon Enzo
86.4%
1st POV
Brendon
86.4%
1st Nominations (post veto)
Enzo Matt
86.4%
2nd Nominations (post veto)
Brendon Britney
86.4%
Week 9 POV
Hayden
86.4%
Week 9 Nominations (post veto)
Britney Lane
86.4%
Americas Favourite Player
Britney
86.4%
2nd Nominations (pre veto)
Brendon Ragan
86.1%
2nd POV
Ragan
86.1%
Quiz Playlist
Details
Report
Send in Message
Add To Playlist
Classic:
Type in answers that appear in a list
Forced Order:
Answers have to be entered in order
Last Updated: Feb 16, 2017
Quiz Scoreboard
CHALLENGE
Sign Up to Join the Scoreboard
Show All
Scores
Hide
Comments
May contain spoilers
Recently Published
Billboard Blitz: Fleetwood Mac
by CooCooCachoo
Music
15s
Presidents Visiting Landmarks
by Hejman
History
7m
An Introduction to Baseball
by treessimontrees
Sports
5m
More to Explore
Quiz From the Vault
Featured Blog Post
Where Did the Easter Bunny Come From?
hide this ad
You Might Also Like...
Tags
Big Brother
Brother
Week
Today's Top Quizzes in Television
Browse Television
hide this ad
Today's Top Quizzes in Week
Browse Week
Top Contributed Quizzes in Television
1
5-to-1: The Simpsons Families
2
5-to-1: Television Doctors
3
7-to-1: TV Show Settings
4
One Piece Logic Puzzle
5
5-to-1: Streaming Originals
6
Survivor Seasons
7
Survivor Logic Puzzle: Heroes vs. Villains
8
TV Shows by First Names
9
Survivor Season by Logo
10
One Thing in Common: Television
Explore More
Trending Topics
NBA
Disney
Harry Potter
Anime
Kpop
Crossword
Marvel
NFL
Pokémon
Country
WWE
Soccer
The Office
Song
Puzzle
hide this ad
More By:
beckajean
Quiz
Plays
Rating
Category
Featured
Created
Big Brother USA ZINGBOT Zings (clickable)
775
2.00
Television
Dec 11, 2014
Big Brother 17 Week by Week
670
3.00
Television
Aug 13, 2015
Big Brother 16 USA (week by week)
592
Television
Dec 1, 2014
Big Brother 18 US week by week
570
Television
Sep 22, 2016
Big Brother Canada 5 (week by week)
491
Television
Apr 7, 2017
Go to Creator's Profile
Score Distribution
Quiz Creator Spotlight
beckajean
Follow
Send a Message
Quizzes Created
-
Created Quiz Play Count
-
More By This Creator
Popular Quizzes Today
1
Find the US States - No Outlines Minefield
2
Find the Countries of Europe - No Outlines Minefield
3
The Countries of the World
4
Find the US States
5
Popular People in 1961
6
US States
7
Risky Map Clicking: Biggest States A-Z
8
Movies - When Are They Set?
More Television Quizzes
Family Guy Pilot Characters Minefield
Quiz Lab
Trending Quizzes
Risky Map Clicking: Least Populous States A-Z
1-10 Letter G Words
1-10 Letter F Words
Risky Map Clicking: Next State Alphabetically
'A' Boys' Names Grid
Recently Updated
Leaping Animals
pecheneg
Reality TV Shows (A-Z)
bhenderson79
Rickey Henderson's Hall of Fame Teammates
pecheneg
Champions League XIs: Arsenal
pecheneg
Quick Pick: Celebrities in WWE's Hall of Fame
aduchscher
A-Z Keypad Blitz II
pecheneg
Multiple Oscar Actors
pecheneg
Mystery Phrase Blitz: Oscar 'Best Actors'
pecheneg
F. Scott Fitzgerald Novels
LTH
Pick 3 Villains
ddd62291
Trending Topics
Marvel
Disney
Crossword
Kpop
Anime
NBA
Harry Potter
Puzzle
Soccer
Pokémon
Country
Song
The Office
NFL
WWE
Your Account Isn't Verified!
In order to create a playlist on Sporcle, you need to verify the email address you used during registration. Go to your
Sporcle Settings
to finish the process.
Report this User
Report this user for behavior that violates our
Community Guidelines
.
Details:
Send Report
Go to the Sporcle.com Mobile Site →
Comments